Biología i : zoología y botánica /

Guardado en:
Autor Principal: Vallin, J.
Formato: Libro
Publicado: México : U.t.e.h.a., 1966
Materias:
Etiquetas: Agregar Etiqueta
Sin Etiquetas, Sea el primero en etiquetar este registro!
LEADER 00530nam a22001935a 4500
001 CEM.cems006408
005 20060214000000.0
008 130507s1966##################000#0#####d
003 CEMS
082 0 4 |a 570 
100 1 |a Vallin, J. 
245 1 0 |a Biología i :  |b zoología y botánica / 
260 |a México :  |b U.t.e.h.a.,  |c 1966 
300 |a 204 p. 
505 0 |a Las plantas sin flores. Los invertebrados 
653 |a Biología 
653 |a Botanica 
653 |a Zoologia 
859 |a CEMS  |b BIB. CEMS - 11 de abril  |h 570  |i V244/I  |p 1987.74  |t Ej.1